LEADER 02843oam 2200709Ia 450 001 9910788532003321 005 20190503073405.0 010 $a0-262-30495-3 010 $a1-283-62981-X 010 $a0-262-30587-9 010 $a9786613942265 035 $a(CKB)3360000000435663 035 $a(OCoLC)811963893 035 $a(EBL)3339513 035 $a(SSID)ssj0000720093 035 $a(PQKBManifestationID)11411439 035 $a(PQKBTitleCode)TC0000720093 035 $a(PQKBWorkID)10662262 035 $a(PQKB)11186508 035 $a(OCoLC)811963893$z(OCoLC)939263709$z(OCoLC)961675380$z(OCoLC)962594200$z(OCoLC)1055341342$z(OCoLC)1066041333$z(OCoLC)1081273694 035 $a(OCoLC-P)811963893 035 $a(MaCbMITP)9396 035 $a(Au-PeEL)EBL3339513 035 $a(CaPaEBR)ebr10605706 035 $a(CaONFJC)MIL394226 035 $a(OCoLC)939263709 035 $a(MiAaPQ)EBC3339513 035 $a(EXLCZ)993360000000435663 100 $a20121004d2012 uy 0 101 0 $aeng 135 $aur|n|---||||| 181 $ctxt 182 $cc 183 $acr 200 10$aBorges and memory $eencounters with the human brain /$fRodrigo Quian Quiroga ; translated by Juan Pablo Ferna?ndez ; foreword by Mari?a Kodama 210 $aCambridge, Mass. $cMIT Press$dİ2012 210 4$dİ2012 215 $a1 online resource (225 p.) 300 $aDescription based upon print version of record. 311 $a0-262-01821-7 320 $aIncludes bibliographical references and index. 327 $aCONTENTS; FOREWORD; INTRODUCTION; 1. FUNES AND OTHER CASES OF EXTRAORDINARY MEMORY; 2. THE LIBRARY OF BABEL; 3. THE MAN WHO COULD NOT FORGET; 4. LIVING IN THE PAST; 5. SUBTLETIES OF MEMORY; 6. WHERE DO MEMORIES RESIDE?; 7. PRODIGIOUS MINDS; 8. THE DELICATE BALANCE BETWEEN REMEMBERING AND FORGETTING; 9. PERCEPTION AND MEMORY; 10. NEUROPHYSIOLOGY OF VISION; 11. THE JENNIFER ANISTON NEURON; 12. KEYS TO THOUGHT; ACKNOWLEDGMENTS; INDEX 330 $aDiscusses the science of memory and the interpretation of memory in the novels of Jorge Luis Borges and earlier literatures. 606 $aMemory$xPhysiological aspects$vPopular works 606 $aBrain$xResearch$vPopular works 606 $aMemory disorders$vCase studies 606 $aMemory in literature 610 $aNEUROSCIENCE/General 610 $aCOGNITIVE SCIENCES/Psychology/Cognitive Psychology 615 0$aMemory$xPhysiological aspects 615 0$aBrain$xResearch 615 0$aMemory disorders 615 0$aMemory in literature. 676 $a612.8/233 700 $aQuian Quiroga$b Rodrigo$01038900 702 $aFerna?ndez$b Juan Pablo 801 0$bOCoLC-P 801 1$bOCoLC-P 906 $aBOOK 912 $a9910788532003321 996 $aBorges and memory$93717223 997 $aUNINA LEADER 05622nam 22006975 450 001 9910337592103321 005 20200706193744.0 010 $a3-030-17283-X 024 7 $a10.1007/978-3-030-17283-1 035 $a(CKB)4100000008618157 035 $a(MiAaPQ)EBC5813793 035 $a(DE-He213)978-3-030-17283-1 035 $a(PPN)238489515 035 $a(EXLCZ)994100000008618157 100 $a20190708d2019 u| 0 101 0 $aeng 135 $aurcnu|||||||| 181 $ctxt$2rdacontent 182 $cc$2rdamedia 183 $acr$2rdacarrier 200 10$aAdvanced Energy Efficiency Technologies for Solar Heating, Cooling and Power Generation /$fedited by Xudong Zhao, Xiaoli Ma 205 $a1st ed. 2019. 210 1$aCham :$cSpringer International Publishing :$cImprint: Springer,$d2019. 215 $a1 online resource (544 pages) 225 1 $aGreen Energy and Technology,$x1865-3529 311 $a3-030-17282-1 327 $aSolar energy resource and its global distribution -- Solar heating, cooling and power generation ? current profiles and future potentials -- Heat pipe and loop heat pipe technologies and their applications in solar systems -- PCM and PCM slurries and their application in solar systems -- Modular solar elements for building integration -- Micro (mini) ? channel panels and their applications in solar systems -- Solar desiccant and adsorption cooling/dehumidification technologies -- Solar ejector cooling technologies -- Heat pump technologies and their applications in solar systems -- Concentration and thermoelectric technologies for solar systems -- Solar systems for rural houses space heating, hot water and power supply -- Solar systems for urban building applications ? heating, cooling, hot water and power supply -- Solar systems design and energy performance assessment approaches -- Solar systems economic and environmental performance assessment -- Solar heating, cooling and projects - case studies. 330 $aThis book, based on the research experience and outcomes of a group of international contributors, addresses a range of advanced energy efficiency technologies and their applications in solar heating, cooling and power generation, while also providing solutions for tackling recurring low efficiency problems in today?s systems. It highlights the latest technologies and methods, which can significantly improve the performance of solar systems, enabling readers to design, construct and apply high-performance solar systems in or for their own projects. The contributors provide a systematic introduction to state-of-the-art energy efficiency technologies that demonstrates how to implement innovative solar systems. These technologies include: ? heat pipes and loop heat pipes; ? phase change materials (PCMs) and PCM slurries; ? micro-channel panels; ? desiccant/adsorption cycling; ? ejector cooling and heat pumps; and ? solar concentration and thermoelectric units. The book shows how innovative solar systems applicable to rural and urban buildings can be analysed and demonstrates the successful implementation of these advanced technologies. It delivers the design principles and associated energy performance assessment methods for a range of selected solar heating, cooling and power generation projects. This book offers a valuable source of information for final-year undergraduate students, as well as graduate students and academic lecturers, as it promotes the widespread deployment of advanced solar heating, cooling and power generation technologies applicable for buildings across the globe. The book is also a good point of reference for design engineers and energy consultants who wish to extend their knowledge of advanced technologies used to achieve energy efficiency. . 410 0$aGreen Energy and Technology,$x1865-3529 606 $aRenewable energy resources 606 $aEnergy systems 606 $aBuilding construction 606 $aEnergy consumption 606 $aEnergy harvesting 606 $aSustainable architecture 606 $aRenewable and Green Energy$3https://scigraph.springernature.com/ontologies/product-market-codes/111000 606 $aEnergy Systems$3https://scigraph.springernature.com/ontologies/product-market-codes/115000 606 $aBuilding Physics, HVAC$3https://scigraph.springernature.com/ontologies/product-market-codes/T23080 606 $aEnergy Efficiency$3https://scigraph.springernature.com/ontologies/product-market-codes/118000 606 $aEnergy Harvesting$3https://scigraph.springernature.com/ontologies/product-market-codes/117000 606 $aSustainable Architecture/Green Buildings$3https://scigraph.springernature.com/ontologies/product-market-codes/122000 615 0$aRenewable energy resources. 615 0$aEnergy systems. 615 0$aBuilding construction. 615 0$aEnergy consumption. 615 0$aEnergy harvesting. 615 0$aSustainable architecture. 615 14$aRenewable and Green Energy. 615 24$aEnergy Systems. 615 24$aBuilding Physics, HVAC. 615 24$aEnergy Efficiency. 615 24$aEnergy Harvesting. 615 24$aSustainable Architecture/Green Buildings. 676 $a621.47 676 $a621.47 702 $aZhao$b Xudong$4edt$4http://id.loc.gov/vocabulary/relators/edt 702 $aMa$b Xiaoli$4edt$4http://id.loc.gov/vocabulary/relators/edt 906 $aBOOK 912 $a9910337592103321 996 $aAdvanced Energy Efficiency Technologies for Solar Heating, Cooling and Power Generation$91954363 997 $aUNINA